| 000 | 00946cem a22002175a 4500 | ||
|---|---|---|---|
| 001 | L140362 | ||
| 008 | 070919r18991811xxk a 0 f eng u | ||
| 035 | _a(Sirsi) u140362 | ||
| 041 | 0 | _aeng | |
| 110 | 2 |
_aLondon Topographical Society _9106 |
|
| 245 | 0 | 0 |
_aPlan of the road from Hyde Park Corner to Counter's Bridge made for the Kensington Turnpike Trustees by their Surveyor, Joseph Salway in the year 1811 _blithographed on thirty sheets from the original drawings in the British Museum for the London Topographical Society _h[cartographic material] |
| 250 | _aFacsim. | ||
| 255 | _aScale 1:240 | ||
| 260 |
_aLondon _bLondon Topographical Society _c1899-1903 |
||
| 300 |
_a1 map on 30 sheets _bcol. _c52 x 59 cm. or smaller |
||
| 500 | _aLithographed by W. Grigs and Sons Ltd. | ||
| 651 | 4 | _aLondon | |
| 690 | _aENVIRONMENTAL AND LAND CONSULTANCY-GEOMATICS-MAPPING AND POSITIONING-CARTOGRAPHY | ||
| 700 | 1 | _aSalway, Joseph | |
| 942 | _n0 | ||
| 999 |
_c116850 _d116850 |
||